| 000 | 00340nam a22001457a 4500 | ||
|---|---|---|---|
| 003 | SGT | ||
| 020 | _a978-93-5270-319-7 | ||
| 082 |
_a615.8 _bT18K |
||
| 100 | _aKISNER, CAROLYN | ||
| 245 | _aTHERAPEUTIC EXERCISE FOUNDATION AND TECHNIQUES | ||
| 250 | _a7TH | ||
| 260 |
_aINDIA _bJAYPEE PUB. _c2018 |
||
| 300 | _a1081 | ||
| 942 |
_2ddc _cBK _099 |
||
| 999 |
_c16980 _d16980 |
||